000 00729nam a2200169 i 4500
001 30096
003 ES-MaACL
005 20230906154134.0
007 t|
008 030123s1897 cl ||||1| spa d
100 1 _aBarra, Eduardo de la.
_925804
245 1 3 _aEl sistema métrico-rítmico de la antigua versificación castellana
_b: estudio dedicado al dr. d. Adolfo Murillo, presidente del V Congreso Científico de Chile /
_cpor Eduardo de la Barra.
260 _aSantiago de Chile :
_b[s.n.],
_c1897 (
_fImprenta Cervantes)
300 _a21 p. ;
_c25 cm.
650 4 _aLengua española-
_xVersificación.
_9147950
852 _aES-MaACL
_jT-837-F-4
_z.- Enc. en un vol. facticio conservando la enc. original
_z.- Ded. ms. del autor
999 _c30096
_d30096